00751nam a22002057a 450000500170000001000150001702000260003203500140005803700130007208200110008510000270009624501030012326000380022627000620026430000260032670000260035294200250037899900190040395201230042220180807124156.0 aENG-123689 a9788178245188c695.00 aEN-107221 bDBAD/PUB a875.09 aRao, Velcheru Narayana aText and tradition in south india /cby Velcheru Narayana Rao; introduction by Sanjay Subrahmanyam aRanikhet bPermanent Black c2017 aHimalayana, Mall Road, Ranikhet Cantt. bRanikhete263645v axii,477p. c21cm(pbk) aSubrahmanyam, Sanjay  2ddccENmRAOh875.09 c155619d155619 001040718NFICaDBADbBNd2018-08-07eDBAD/PUBg695.00l0o875.09 RAOpEN-107221r2018-08-07 00:00:00t1v695.00yEN